000
00212nam a2200109Ia 4500
100
_a
BISS00NDOYAL/B
942
_c
BK
245
_a
MESSAGE OF THE FOUR VEDAS.
260
_b
#N/A
546
_a
ENGLISH
999
_c
34859
_d
34859